| 000 | 00834nam a22001697a 4500 | ||
|---|---|---|---|
| 003 | SGT | ||
| 020 | _a9780074602256 | ||
| 082 | _a537,MAH | ||
| 100 | _aMAHAJAN,A.S | ||
| 245 | _aELECTRICITY AND MAGNETISM | ||
| 250 | _a1ST | ||
| 260 |
_aNEW DELHI _bTMH _c2015 |
||
| 300 | _a508 | ||
| 650 | _aELECTRICITY & ELECTRONICS, PHYSICS | ||
| 653 | _aCHAPTER 1 VECTOR ANALYSIS CHAPTER 2 THE ELECTROSTATIC FIELD - I CHAPTER 3 THE ELECTROSTATIC FIELD - II CHAPTER 4 CONDUCTORS, CAPACITORS AND ELECTROSTATIC ENERGY CHAPTER 5 DIELECTRICS CHAPTER 6 CURRENT ELECTRICITY CHAPTER 7 MAGNETIC INDUCTION CHAPTER 8 MOTION OF CHARGED PARTICLES IN AN ELECTROMAGNETIC FIELD CHAPTER 9 FARADAY'S LAW OF ELECTROMAGNETIC INDUCTION CHAPTER 10 LCR CIRCUITS CHAPTER 11 MAGNETIC FIELDS IN MATERIAL MEDIA CHAPTER 12 MAXWELL'S EQUATIONS | ||
| 942 |
_2ddc _cFPS |
||
| 999 |
_c9294 _d9294 |
||